| 000 | 00802nam a22001337a 4500 | ||
|---|---|---|---|
| 040 | _cRUA | ||
| 082 | _aAGR CHA 2017 B663 Or.1 | ||
| 100 | _aCHAY BAIYA ឆាយ ប៉ៃយ៉ា | ||
| 245 | _aប្រៀបធៀបធ្យូងអង្កាមក្នុងកម្រិតផ្សេងៗគ្នាលើដាំណាំខ្ទឹមស្លឹកនៅស្ថានីយដំណាំសាកលវិទ្យាល័យភូមិន្ទកសិកម្ម comp arison of different rates of rice husk charcoal on spring onion ( allium fistulosum) at royal university of agriculture | ||
| 260 |
_aRUA _bPhnom penh _c2017 |
||
| 300 |
_axi;38p _bill; _c29cm |
||
| 856 | _uhttps://drive.google.com/file/d/16e1WrV91J8C_eS80IDDIyBpRhJzmh0Q4/view?usp=sharing | ||
| 942 | _cAGR | ||
| 999 |
_c19228 _d19228 |
||